00332nam a2200121Ia 4500008004000000082001500040100003400055245004400089250000500133260003500138300001400173650002300187210210b1976 xxu||||| |||| 00| 0 eng d a541.3 S0NT aSONI (P L) & DHARMARHA (O P). aText book of physical chemistry. Ed 10. a aN DbSultan Chand & Sonsc1976 axvi,2.368 aPhysical Chemistry